Quiz o Luboniu - Statystyki

Ogólne statystyki
  • Ten quiz został rozwiązany 5 razy
  • Średni wynik to 6 z 12
Statystyki odpowiedzi
Wskazówka Odpowiedź % Poprawnych
Autostrada przebiegająca przez miasto A2
100%
Tablice rejestracyjne PZ | POZ | PY
100%
Nazwa stacji kolejowej Luboń {koło Poznania}
80%
Miasto z którym bezpośrednio graniczy Poznań
80%
Rzeka wyznaczająca granicę miasta Warta
80%
Zwierzę na herbie Orzeł
60%
Północno-zachodnia część miasta Żabikowo
60%
Burmistrz miasta Małgorzata Machalska
40%
Największe jezioro na terenie Lubonia Kocie Doły
20%
Kod pocztowy 62-031 | 62-032
0%
Potok w Luboniu {Junikowski} Strumień
0%
Według legendy od czego pochodzi nazwa Luboń Lubom
0%
Nie znaleziono quizów pasujących do podanych kryteriów
Rozkład punktacji
Procent ludzi z każdym wynikiem
Percentyl według liczby udzielonych odpowiedzi
Twoja historia wyników
Nie rozwiązałeś tego quizu